|
|
|
|
| LEADER |
01251nam a2200313 a 4500 |
| 001 |
000008358 |
| 003 |
CZ BrMZK |
| 005 |
20190812201937.0 |
| 007 |
ta |
| 008 |
940519s1994 xr f c 000 m cze d |
| 020 |
|
|
|z 80-85112-15-9
|
| 040 |
|
|
|a JIE303
|b cze
|d BOA001
|
| 080 |
|
|
|a 76(437.1)"19":92 Novák, Pavel
|2 MRF
|
| 100 |
1 |
|
|a Novák, Pavel,
|d 1962-
|7 jn20000728461
|4 aut
|
| 245 |
1 |
0 |
|a Pavel Novák :
|b grafika /
|c [text Vít Bouček]
|
| 260 |
|
|
|a Pardubice :
|b Východočeská galerie,
|c 1994
|
| 300 |
|
|
|a [7] s. :
|b čb. il. ;
|c 21 cm
|
| 500 |
|
|
|a Katalog výstavy, malý sál Východočeské galerie v Pardubicích, 11. března - 10. dubna 1994. -- Životopisné údaje a přehled výstav.
|
| 600 |
1 |
7 |
|a Novák, Pavel,
|d 1962-
|7 jn20000728461
|2 czenas
|
| 610 |
2 |
7 |
|a Východočeská galerie (Pardubice, Česko)
|7 kn20020322239
|2 czenas
|
| 648 |
|
7 |
|a 20. století
|7 ch460558
|2 czenas
|
| 650 |
0 |
7 |
|a česká grafika
|7 ph128116
|2 czenas
|
| 650 |
0 |
7 |
|a grafika
|7 ph120598
|2 czenas
|
| 655 |
|
7 |
|a katalogy výstav
|7 fd132536
|2 czenas
|
| 700 |
1 |
|
|a Bouček, Vít,
|d 1950-
|7 jn20010602803
|4 aut
|
| 910 |
|
|
|a BOA001
|b X-0999.002
|
| 990 |
|
|
|a BK
|
| 991 |
|
|
|b 201701
|
| 996 |
7 |
|
|b 2610008642
|c X-0999.002
|l MZK
|r Sklad / do 24 hodin
|n 0
|p p.v.
|w 000008358
|u 000010
|a 1
|e BOA001
|j MZK50
|s A
|